| 000 | 01153nam a2200277 i 4500 | ||
|---|---|---|---|
| 003 | EG-GICUC | ||
| 005 | 20260514143745.0 | ||
| 008 | 260514s1926 ua |||fr|||| 000 0 Fre d | ||
| 040 |
_aEG-GiCUC _bfre _cEG-GiCUC _dEG-GiCUC _eRda |
||
| 041 | 0 | _afre | |
| 082 | 0 | 4 |
_a345.123 _bGO _221 |
| 092 | 0 | 4 | _221 |
| 099 | _aLaw 07 345.123 GO 1926 | ||
| 110 |
_aGouvernement Égyptien, _bComité Du Contentieux De L'État. _eAuteur |
||
| 245 | 2 | 0 |
_aRecueil D'Avis De Principe Du Contentieux De L'État (Années 1890-1925) : _b Suivi D'Un Sommaire De Jurisprudence En Matiére Administrative, _nTome Deuxiéme, _pAvis Intéressant Les Services Des Ministéres De La Justice Et Des Affaires Étrangéres / _cPar Gouvernement Égyptien (Comité Du Contentieux De L'État). |
| 264 | 1 |
_aLe Caire: _bImprimerie Nationale, _c1926. |
|
| 300 |
_a320 Page ; _c 24 Cm. |
||
| 336 |
_2rda contenu _a texte |
||
| 337 |
_2rda medias _aOrdinateur |
||
| 338 |
_2 transporteur rda _a Ressource en ligne |
||
| 546 | _aTexte en français | ||
| 650 | 1 | _aDroit Administratif | |
| 856 | 4 | 0 | _uhttps://fll.law.cu.edu.eg/fulltext/bks/B07-06277.pdf |
| 905 | _a64 | ||
| 942 |
_2ddc _n0 _cBK _e21 |
||
| 999 |
_c76902 _d76902 |
||